Flagi zawierające kolor zielony - Statystyki

Ogólne statystyki
  • Ten quiz został rozwiązany 192 razy
  • Średni wynik to 4 z 13
Statystyki odpowiedzi
Odpowiedź % Poprawnych
9 Brazylia
84%
2 Algieria
39%
3 Arabia Saudyjska
37%
5 Bangladesz
33%
8 Boliwia
33%
4 Azerbejdżan
31%
10 Bułgaria
31%
1 Afganistan
30%
7 Białoruś
27%
6 Benin
22%
11 Burkina Faso
19%
12 Burundi
19%
13 Cypr
19%
Nie znaleziono quizów pasujących do podanych kryteriów
Rozkład punktacji
Procent ludzi z każdym wynikiem
Percentyl według liczby udzielonych odpowiedzi
Twoja historia wyników
Nie rozwiązałeś tego quizu